000 00906cam a2200265 4500
008 090401t1996 xxu||||| |||| 00| 0 eng d
020 _a0854067957
035 _a(Sirsi) u66939
041 _aeng
050 _a333.337
090 _aRICS 1996/108ABCD
110 _aRoyal Institution of Chartered Surveyors
_94900
245 4 _aThe business property handbook : how to make your premises work for you.
260 _aLondon
_bRICS
_c1996
300 _a1v. (looseleaf) ; 30cm.
350 _a5.95
520 _aGuidance on all aspects of property management, covering acquistion, surveys, valuation rent reviews, planning permission and dilapidations.
650 _aBUSINESS PROPERTY HANDBOOK
650 _aABOUT RICS-RICS MEMBERS
650 _aPROPERTY-COMMERCIAL PROPERTY
650 _aProperty management
_96262
690 _aPROPERTY LAW AND PRACTICE
942 _n0
948 _c04/03/1997
999 _c94962
_d94962